[Event "RUS-ch Seniors (Women)"]
[Site "Odintsovo"]
[Date "2011.04.23"]
[Round "5"]
[White "Goncharova, Nadezhda"]
[Black "Khalturina, Tatiana"]
[Result "1-0"]
[WhiteElo "1972"]
[BlackElo "1817"]
[PlyCount "47"]
[EventDate "2011.04.19"]
[EventType "swiss"]
[EventRounds "9"]
[EventCountry "RUS"]
[SourceTitle "CBM 142 Extra"]
[Source "ChessBase"]
[SourceDate "2011.06.27"]
[SourceVersion "1"]
[SourceVersionDate "2011.06.27"]
[SourceQuality "1"]

1. d4 Nf6 2. c4 g6 3. Nc3 d5 4. cxd5 Nxd5 5. e4 Nb6 6. Be3 Bg7 7. Qd2 c6 8. f3 Be6 9. b3 0-0 10. h4 a5 11. h5 a4 12. Rb1 axb3 13. axb3 Ra3 14. hxg6 fxg6 15. Nh3 Rxb3 16. Rd1 c5 17. Ng5 Bf7 18. Nxf7 Rxf7 19. e5 Rb4 20. Ne4 Nc4 21. Bxc4 Rxc4 22. Ng5 Rf5 23. Qa2 Qd5 24. dxc5 1-0

[Event "RUS-ch Seniors (Women)"]
[Site "Odintsovo"]
[Date "2011.04.21"]
[Round "3"]
[White "Goncharova, Nadezhda"]
[Black "Khropova, Larisa"]
[Result "1/2-1/2"]
[WhiteElo "1972"]
[BlackElo "2106"]
[PlyCount "29"]
[EventDate "2011.04.19"]
[EventType "swiss"]
[EventRounds "9"]
[EventCountry "RUS"]
[SourceTitle "CBM 142 Extra"]
[Source "ChessBase"]
[SourceDate "2011.06.27"]
[SourceVersion "1"]
[SourceVersionDate "2011.06.27"]
[SourceQuality "1"]

1. e4 e5 2. Nf3 Nc6 3. Bb5 a6 4. Bxc6 dxc6 5. 0-0 Bg4 6. h3 Bxf3 7. Qxf3 Nf6 8. d3 Bc5 9. c3 h6 10. Be3 Bxe3 11. Qxe3 0-0 12. Re1 Re8 13. f3 Qe7 14. d4 Rad8 15. Nd2 1/2-1/2

[Event "RUS-ch Seniors (Women)"]
[Site "Odintsovo"]
[Date "2008.10.10"]
[Round "8"]
[White "Blagonadezhnaya, Idea"]
[Black "Goncharova, Nadezhda"]
[Result "1/2-1/2"]
[WhiteElo "1965"]
[BlackElo "1992"]
[PlyCount "49"]
[EventDate "2008.10.02"]
[EventType "swiss"]
[EventRounds "9"]
[EventCountry "RUS"]
[SourceTitle "CBM 127 Extra"]
[Source "ChessBase"]
[SourceDate "2009.01.08"]
[SourceVersion "2"]
[SourceVersionDate "2009.01.28"]
[SourceQuality "1"]

1. e4 d5 2. exd5 Qxd5 3. Nc3 Qa5 4. d4 c6 5. Nf3 Nf6 6. Bd3 Bg4 7. h3 Bh5 8. Bd2 Qc7 9. g4 Bg6 10. Qe2 e6 11. 0-0-0 Bxd3 12. Qxd3 Nbd7 13. Ng5 h6 14. Nge4 Nd5 15. Nxd5 cxd5 16. Nc3 a6 17. Kb1 Bd6 18. Rhf1 Nb6 19. b3 Bf4 20. Bxf4 Qxf4 21. Ne2 Qc7 22. f4 0-0-0 23. f5 e5 24. dxe5 Qxe5 25. Qc3+ 1/2-1/2

[Event "RUS-ch Seniors (Women)"]
[Site "Odintsovo"]
[Date "2008.10.06"]
[Round "4"]
[White "Milashevskaja, Valentina"]
[Black "Goncharova, Nadezhda"]
[Result "1/2-1/2"]
[WhiteElo "1831"]
[BlackElo "1992"]
[PlyCount "32"]
[EventDate "2008.10.02"]
[EventType "swiss"]
[EventRounds "9"]
[EventCountry "RUS"]
[SourceTitle "CBM 127 Extra"]
[Source "ChessBase"]
[SourceDate "2009.01.08"]
[SourceVersion "2"]
[SourceVersionDate "2009.01.28"]
[SourceQuality "1"]

1. d4 f5 2. g3 Nf6 3. Bg2 e6 4. Nf3 Be7 5. 0-0 0-0 6. c4 d5 7. cxd5 exd5 8. Nc3 c6 9. Bf4 Bd6 10. Bxd6 Qxd6 11. e3 Nbd7 12. Qc2 Ne4 13. Nd2 Ndf6 14. f3 Nxd2 15. Qxd2 Re8 16. Rfe1 b6 1/2-1/2

[Event "Anapa op"]
[Site "Anapa"]
[Date "2008.09.08"]
[Round "9"]
[White "Goncharova, Nadezhda"]
[Black "Milashevskaja, Valentina"]
[Result "0-1"]
[WhiteElo "2009"]
[BlackElo "1823"]
[PlyCount "40"]
[EventDate "2008.08.31"]
[EventType "swiss"]
[EventRounds "9"]
[EventCountry "RUS"]
[SourceTitle "EXT 2010"]
[Source "ChessBase"]
[SourceDate "2010.11.25"]
[SourceVersion "1"]
[SourceVersionDate "2010.11.25"]
[SourceQuality "1"]

1. d4 Nf6 2. c4 g6 3. Nc3 d5 4. cxd5 Nxd5 5. e4 Nxc3 6. bxc3 Bg7 7. Be3 0-0 8. Qd2 c6 9. Bc4 Qa5 10. e5 c5 11. Nf3 cxd4 12. cxd4 Qxd2+ 13. Bxd2 Nc6 14. Bc3 b6 15. 0-0 Bb7 16. Nd2 a6 17. f4 e6 18. Rac1 Rac8 19. Bb3 Rfd8 20. Rfd1 Nxd4 0-1